000 00484nam a22001937a 4500
003 MPLRDC
005 20220104143123.0
008 210129b ||||| |||| 00| 0 eng d
020 _a983-137-101-1
082 _a857.7 YQXS-2 v.3028
100 _a唐宣
245 _a摩登女侠
_c
250 _a初版
260 _a
_b台北万盛出版有限公司
_c1998
300 _b
490 _a言情小说. BNAC Z3028
650 _a长篇小说
942 _cBK
_o857.7 YQXS-2 v.3028
999 _c36823
_d36813